|
|
|
|
| LEADER |
00000naa0a2200000 4500 |
| 001 |
648123 |
| 005 |
20250630144203.0 |
| 035 |
|
|
|a (RuTPU)RU\TPU\network\13280
|
| 035 |
|
|
|a RU\TPU\network\13179
|
| 090 |
|
|
|a 648123
|
| 100 |
|
|
|a 20160511d2016 k||y0rusy50 ba
|
| 101 |
0 |
|
|a eng
|
| 102 |
|
|
|a GR
|
| 135 |
|
|
|a drcn ---uucaa
|
| 181 |
|
0 |
|a i
|
| 182 |
|
0 |
|a b
|
| 200 |
1 |
|
|a Use of The Blended and Distance Learning in Studying Electrical Engineering Disciplines
|f E. O. Kuleshova, V. A. Kolchanova, L. E. Kozlova
|
| 203 |
|
|
|a Text
|c electronic
|
| 300 |
|
|
|a Title screen
|
| 463 |
|
1 |
|t 8th World Conference on Educational Sciences (WCES-2016), 04-06 February 2016, Madrid, Spain
|o Abstracts Book
|v [P. 935]
|d 2016
|
| 610 |
1 |
|
|a электронный ресурс
|
| 610 |
1 |
|
|a труды учёных ТПУ
|
| 700 |
|
1 |
|a Kuleshova
|b E. O.
|c specialist in electrical engineering
|c Associate Professor of Tomsk Polytechnic University, Candidate of physical and mathematical sciences
|f 1976-
|g Elena Olegovna
|3 (RuTPU)RU\TPU\pers\33730
|9 17361
|
| 701 |
|
1 |
|a Kolchanova
|b V. A.
|c specialist in the field of electrical engineering
|c Associate Professor of the Tomsk Polytechnic University, Candidate of technical sciences
|f 1968-
|g Veronika Andreevna
|3 (RuTPU)RU\TPU\pers\33703
|9 17334
|
| 701 |
|
1 |
|a Kozlova
|b L. E.
|c Specialist in the field of electrical engineering
|c Associate Professor of Tomsk Polytechnic University, Candidate of Technical Sciences
|f 1985-
|g Liudmila Evgenevna
|3 (RuTPU)RU\TPU\pers\36675
|9 19714
|
| 712 |
0 |
2 |
|a Национальный исследовательский Томский политехнический университет (ТПУ)
|b Энергетический институт (ЭНИН)
|b Кафедра электрических сетей и электротехники (ЭСиЭ)
|3 (RuTPU)RU\TPU\col\18677
|
| 801 |
|
2 |
|a RU
|b 63413507
|c 20160511
|g RCR
|
| 850 |
|
|
|a 63413507
|
| 856 |
4 |
|
|u http://www.awer-center.org/abstracts/WCES%202016%20Abstracts%20Book.pdf#page=935
|
| 942 |
|
|
|c CF
|